La constitution européenne à référendum: Espagne at France 2005 /

Salvato in:
Dettagli Bibliografici
Autore principale: Marcet, Joan
Altri autori: ed.
Natura: testo
Pubblicazione: Barcelona: Institut de Ciències Polítiques i Socials
Tags: Aggiungi Tag
Nessun Tag, puoi essere il primo ad aggiungerne!!

MARC

LEADER 00000 a a2200000 04500
001 35612
003
040
020 |a 84-608-0468-2  
090 |a 0001 M314c  
100 |a Marcet, Joan  
245 |a La constitution européenne à référendum: Espagne at France 2005 /  |c Joan Marcet  
260 |a Barcelona:   |b Institut de Ciències Polítiques i Socials  
300 |a 128 p.  
700 |a ed.  
999 |c 10724  |d 10724